| Tag |
First Indicator |
Second Indicator |
Subfields |
| LEADER |
00000cam a2200000 a 4500 |
| 001 |
in00000087124 |
| 005 |
20151008064740.0 |
| 008 |
820413s1982 ilue 00110 eng |
| 010 |
|
|
|a 81068063
|
| 020 |
|
|
|a 0870942042
|
| 035 |
|
|
|a (OCoLC)08409767
|
| 035 |
|
|
|9 AAK4730AM
|
| 039 |
0 |
|
|a 2
|b 3
|c 3
|d 3
|e 3
|
| 040 |
|
|
|a DLC
|c DLC
|d TXA
|d UtOrBLW
|
| 043 |
|
|
|a n-us---
|
| 049 |
|
|
|a TXAM
|c [1442758]
|
| 050 |
0 |
0 |
|a HD255
|b .M43
|
| 082 |
0 |
|
|a 346.7304/3
|a 347.30643
|2 19
|
| 100 |
1 |
|
|a Meyers, Myron.
|
| 245 |
1 |
0 |
|a Foreign investment in United States real estate :
|b a guide for buyers, sellers, their agents, and counsel /
|c Myron Meyers.
|
| 264 |
|
1 |
|a Homewood, Ill. :
|b Dow Jones-Irwin,
|c [1982]
|
| 264 |
|
4 |
|c ©1982
|
| 300 |
|
|
|a xvi, 655 pages :
|b forms ;
|c 29 cm.
|
| 336 |
|
|
|a text
|b txt
|2 rdacontent
|
| 337 |
|
|
|a unmediated
|b n
|2 rdamedia
|
| 338 |
|
|
|a volume
|b nc
|2 rdacarrier
|
| 500 |
|
|
|a Includes index.
|
| 650 |
|
0 |
|a Real property
|z United States
|x Foreign ownership.
|
| 999 |
|
|
|a MARS
|
| 999 |
f |
f |
|s 5f22ed2b-2536-34b5-adf8-88c4bac0bdf4
|i 2e593f23-c0a9-33dc-8bbf-a27767696627
|t 0
|
| 952 |
f |
f |
|p ric
|a Texas A&M University
|b Rellis Campus
|c Joint Library Facility
|d Remote Storage
|t 0
|e HD255 .M43
|h Library of Congress classification
|i unmediated -- volume
|m A14806125334
|
| 998 |
f |
f |
|a HD255 .M43
|t 0
|l Remote Storage
|